Épelez ces lieux - Erreurs éliminatoires - Statistiques

Statistiques générales
  • Ce quiz a été pris 4 620 fois
  • Le résultat moyen est 37 sur 83
Statistiques - réponses
Indice % Correct
Mer entre l'Europe et l'Afrique du Nord M
92%
Mer entre l'Europe et l'Afrique du Nord É
91%
Mer entre l'Europe et l'Afrique du Nord D
89%
Mer entre l'Europe et l'Afrique du Nord I
88%
Mer entre l'Europe et l'Afrique du Nord T
88%
Mer entre l'Europe et l'Afrique du Nord E
87%
Mer entre l'Europe et l'Afrique du Nord R
87%
Mer entre l'Europe et l'Afrique du Nord A
80%
Mer entre l'Europe et l'Afrique du Nord N
80%
Mer entre l'Europe et l'Afrique du Nord R
80%
Mer entre l'Europe et l'Afrique du Nord É
79%
Mer entre l'Europe et l'Afrique du Nord E
79%
Plus grand pays en -stan K
61%
Plus grand pays en -stan A
59%
Chaîne de montagnes entre la France et l'Espagne P
58%
Plus grand pays en -stan Z
58%
Plus grand pays en -stan A
57%
Chaîne de montagnes entre la France et l'Espagne É
57%
Chaîne de montagnes entre la France et l'Espagne R
57%
Chaîne de montagnes entre la France et l'Espagne Y
57%
Plus grand pays en -stan K
56%
Chaîne de montagnes entre la France et l'Espagne N
56%
Chaîne de montagnes entre la France et l'Espagne É
53%
Chaîne de montagnes entre la France et l'Espagne E
52%
Chaîne de montagnes entre la France et l'Espagne S
52%
Petit pays entre la Suisse et l'Autriche L
50%
Petit pays entre la Suisse et l'Autriche I
49%
Plus grand pays en -stan S
47%
Plus grand pays en -stan T
47%
Plus grand pays en -stan A
46%
Plus grand pays en -stan H
46%
Plus grand pays en -stan N
46%
Petit pays entre la Suisse et l'Autriche E
44%
Petit pays entre la Suisse et l'Autriche C
43%
Petit pays entre la Suisse et l'Autriche H
43%
Capitale islandaise R
42%
Petit pays entre la Suisse et l'Autriche E
41%
Capitale islandaise E
41%
Petit pays entre la Suisse et l'Autriche T
41%
Petit pays entre la Suisse et l'Autriche E
40%
Petit pays entre la Suisse et l'Autriche I
40%
Petit pays entre la Suisse et l'Autriche N
40%
Petit pays entre la Suisse et l'Autriche N
40%
Petit pays entre la Suisse et l'Autriche S
40%
Petit pays entre la Suisse et l'Autriche T
40%
Capitale islandaise Y
38%
Capitale islandaise K
35%
Capitale islandaise A
33%
Capitale islandaise I
33%
Capitale islandaise J
33%
Capitale islandaise V
33%
Capitale islandaise K
32%
Pays d'Asie, avec Manille pour capitale H
31%
Pays d'Asie, avec Manille pour capitale I
31%
Pays d'Asie, avec Manille pour capitale L
31%
Pays d'Asie, avec Manille pour capitale P
31%
Pays d'Asie, avec Manille pour capitale I
30%
Pays d'Asie, avec Manille pour capitale P
30%
Pays du Caucase ayant Bakou pour capitale A
29%
Pays du Caucase ayant Bakou pour capitale E
29%
Pays du Caucase ayant Bakou pour capitale Z
29%
Pays du Caucase ayant Bakou pour capitale A
28%
Pays du Caucase ayant Bakou pour capitale B
28%
Pays d'Asie, avec Manille pour capitale E
28%
Pays du Caucase ayant Bakou pour capitale Ï
28%
Pays d'Asie, avec Manille pour capitale I
28%
Pays d'Asie, avec Manille pour capitale N
28%
Pays d'Asie, avec Manille pour capitale P
28%
Pays du Caucase ayant Bakou pour capitale R
28%
Pays d'Asie, avec Manille pour capitale S
28%
Capitale de la Slovénie L
27%
Pays du Caucase ayant Bakou pour capitale A
26%
Pays du Caucase ayant Bakou pour capitale D
26%
Pays du Caucase ayant Bakou pour capitale J
26%
Pays du Caucase ayant Bakou pour capitale N
26%
Capitale de la Slovénie J
24%
Capitale de la Slovénie U
24%
Capitale de la Slovénie B
23%
Capitale de la Slovénie A
16%
Capitale de la Slovénie A
16%
Capitale de la Slovénie J
16%
Capitale de la Slovénie L
16%
Capitale de la Slovénie N
16%
Aucun quiz correspondant
Distribution des résultats
% des personnes avec chaque résultat
Percentile par nombre de réponses
Votre historique - résultats
Vous n’avez pas pris ce quiz